000
00218 a2200097 4500
001
38095
100
_a
Garrity S.M
245
_a
Basic quality improvement
260
_a
NJ
_b
Prentice Hall
_c
1993
090
_c
24246
_d
24246
942
_a
NUST-CAE
_c
M
_c
15832
999
_c
273168
_d
273168